<?xml version="1.0" encoding="UTF-8"?>
<record
    xmlns:xsi="http://www.w3.org/2001/XMLSchema-instance"
    xsi:schemaLocation="http://www.loc.gov/MARC21/slim http://www.loc.gov/standards/marcxml/schema/MARC21slim.xsd"
    xmlns="http://www.loc.gov/MARC21/slim">

  <leader>01851nam a22001817a 4500</leader>
  <controlfield tag="003">IT-RoPau</controlfield>
  <controlfield tag="005">20220918175941.0</controlfield>
  <controlfield tag="008">130209b        xxu||||| |||| 00| 0 eng d</controlfield>
  <datafield tag="040" ind1=" " ind2=" ">
    <subfield code="c">IT-RoPau</subfield>
  </datafield>
  <datafield tag="100" ind1=" " ind2=" ">
    <subfield code="a">Silvestrelli, Stef. Igino</subfield>
    <subfield code="9">397</subfield>
  </datafield>
  <datafield tag="245" ind1=" " ind2=" ">
    <subfield code="a">Brigante no!</subfield>
    <subfield code="b">Profilo biografico di Maggiorino Vigolungo</subfield>
  </datafield>
  <datafield tag="250" ind1=" " ind2=" ">
    <subfield code="a">I</subfield>
  </datafield>
  <datafield tag="260" ind1=" " ind2=" ">
    <subfield code="a">Roma</subfield>
    <subfield code="b">Postulazione della Causa</subfield>
    <subfield code="c">1988</subfield>
  </datafield>
  <datafield tag="300" ind1=" " ind2=" ">
    <subfield code="a">163 p.</subfield>
    <subfield code="c">18 cm</subfield>
  </datafield>
  <datafield tag="490" ind1=" " ind2=" ">
    <subfield code="a">Edizioni Casa di Nazareth </subfield>
    <subfield code="v">I</subfield>
  </datafield>
  <datafield tag="520" ind1=" " ind2=" ">
    <subfield code="a">Indice

  1. &lt;&lt;Maggiorino, tirami un sasso!&gt;&gt;
  2. &lt;&lt;Il pi&#xF9; bello del mondo!&gt;&gt;
  3. &lt;&lt;Carissimi, amatissimi, gentilissimi genitori&gt;&gt;
  4. &lt;&lt;Con lei prego meglio&gt;&gt;
  5. &lt;&lt;Si restava stup&#xEC;te a tali risposte&gt;&gt;
  6. Lo accompagna a casa piangente
  7. Un salto pericoloso
  8. &lt;&lt;Diventer&#xE0; un santo o un brigante&gt;&gt;
  9. &lt;&lt;Quella sera non mangi&#xF2; con noi&gt;&gt;
10. &lt;&lt;Da grande mi far&#xF2; santo&gt;&gt;
11. &lt;&lt;Pregava tutto...con le mani e con i piedi&gt;&gt;
12. Due padri per Maggiorino
13. &lt;&lt;Tu sembri un diavolo&gt;&gt;
14. Al primo posto l'ottavo comandamento
15. &lt;&lt;Io mi metto tutto nelle sue mani&gt;&gt;
16. Don Giacomo Alberione
17. &lt;&lt;Ti guider&#xE0; sempre il Signore&gt;&gt;
18. &lt;&lt;Non importa, purch&#xE9; lo facciamo&gt;&gt;
19. &lt;&lt;Io, il Signore, ti ho preso per mano&gt;&gt;
20. &lt;&lt;Una delle meraviglie del nostro secolo&gt;&gt;
21. &lt;&lt;Non vers&#xF2; mai lacrime di nostalg&#xEC;a&gt;&gt;
22. &lt;&lt;Ci avete mandato un fiore: &#xE9; un angelo&gt;&gt;
23. &lt;&lt;Chi ricusa la correzione, si smarrisce&gt;&gt;
24. Il valico
25. Da qui la salita
26. Travaglio intimo
27. &lt;&lt;Avrete santi&gt;&gt;
28. &lt;&lt;Tutto e subito?&gt;&gt;
29. &lt;&lt;Com'&#xE8; cambiato!&gt;&gt;
30. Esploriamo i suoi notes
31. Punti fermi
32. E il suo portamento?
33. Anni duri quelli di una Fondazione 
34. I geloni rotti
35. Maria di Nazareth, stella del mattino
36. Introverso Maggiorino?
37. Ad un palmo dal traguardo
38. &lt;&lt;Una fiamma del Signore&gt;&gt;
39. Sabato 27 luglio 1918
40. Santo s&#xEC;, brigante no! 
   
   </subfield>
  </datafield>
  <datafield tag="942" ind1=" " ind2=" ">
    <subfield code="2">ddc</subfield>
    <subfield code="c">BK</subfield>
  </datafield>
  <datafield tag="999" ind1=" " ind2=" ">
    <subfield code="c">38034</subfield>
    <subfield code="d">38034</subfield>
  </datafield>
  <datafield tag="952" ind1=" " ind2=" ">
    <subfield code="0">0</subfield>
    <subfield code="1">0</subfield>
    <subfield code="2">ddc</subfield>
    <subfield code="4">0</subfield>
    <subfield code="6">P_B6</subfield>
    <subfield code="7">1</subfield>
    <subfield code="a">PAULUS</subfield>
    <subfield code="b">PAULUS</subfield>
    <subfield code="d">2013-02-09</subfield>
    <subfield code="l">0</subfield>
    <subfield code="o">P B6</subfield>
    <subfield code="r">2013-02-09 00:00:00</subfield>
    <subfield code="w">2013-02-09</subfield>
    <subfield code="y">BK</subfield>
  </datafield>
  <datafield tag="952" ind1=" " ind2=" ">
    <subfield code="0">0</subfield>
    <subfield code="1">0</subfield>
    <subfield code="2">ddc</subfield>
    <subfield code="4">0</subfield>
    <subfield code="6">P_B6</subfield>
    <subfield code="7">1</subfield>
    <subfield code="a">PAULUS</subfield>
    <subfield code="b">PAULUS</subfield>
    <subfield code="d">2013-02-09</subfield>
    <subfield code="l">0</subfield>
    <subfield code="o">P B6</subfield>
    <subfield code="r">2013-02-09 00:00:00</subfield>
    <subfield code="w">2013-02-09</subfield>
    <subfield code="y">BK</subfield>
  </datafield>
</record>
